Russell on crime. (Record no. 287)

MARC details
000 -LEADER
fixed length control field 00897cam a2200253u 4500
001 - CONTROL NUMBER
control field 10511756
003 - CONTROL NUMBER IDENTIFIER
control field OSt
005 - DATE AND TIME OF LATEST TRANSACTION
control field 20110722145014.0
008 - FIXED-LENGTH DATA ELEMENTS--GENERAL INFORMATION
fixed length control field 850306s1958 enk 000 0aeng
010 ## - LIBRARY OF CONGRESS CONTROL NUMBER
LC control number unk84235632
040 ## - CATALOGING SOURCE
Original cataloging agency DLC
Transcribing agency CarP
Modifying agency DLC
050 00 - LIBRARY OF CONGRESS CALL NUMBER
Classification number KD7869
Item number .R87 1958
082 ## - DEWEY DECIMAL CLASSIFICATION NUMBER
Classification number 345.02 RUS
100 1# - MAIN ENTRY--PERSONAL NAME
Personal name Russell, William Oldnall,
Titles and other words associated with a name Sir,
Dates associated with a name 1785-1833.
9 (RLIN) 861
245 00 - TITLE STATEMENT
Title Russell on crime.
250 ## - EDITION STATEMENT
Edition statement 11th ed.
260 ## - PUBLICATION, DISTRIBUTION, ETC. (IMPRINT)
Place of publication, distribution, etc London,
Name of publisher, distributor, etc Stevens,
Date of publication, distribution, etc 1958.
300 ## - PHYSICAL DESCRIPTION
Extent 2 v. (1843 p.)
Other physical details cm.
906 ## - LOCAL DATA ELEMENT F, LDF (RLIN)
a 0
b cbc
c premunv
d u
e ncip
f 19
g y-gencatlg
942 ## - ADDED ENTRY ELEMENTS (KOHA)
Source of classification or shelving scheme Dewey Decimal Classification
Koha item type Books
Holdings
Withdrawn status Lost status Source of classification or shelving scheme Damaged status Not for loan Home library Current library Shelving location Date acquired Total Checkouts Full call number Barcode Date last seen Price effective from Koha item type
    Dewey Decimal Classification     Law Development Centre Main Library Law Development Centre Main Library Text Books and Laws 04/12/2011   345.02 RUS 2011/2734 04/12/2011 04/12/2011 Books
    Dewey Decimal Classification     Law Development Centre Main Library Law Development Centre Main Library Text Books and Laws 04/12/2011   345.02 RUS 2011/2733 04/12/2011 04/12/2011 Books